Žene u Hrvatskoj ženska i kulturna povijest

Bibliographic Details
Main Authors: Feldman, Andrea (Author, Compiler), Nikolić Jakus, Zrinka (Author), Karbić, Marija (Author), Munk, Ana (Author), Janeković-Römer, Zdenka (Author), Bracewell, Catherine Wendy (Author), Stojan, Slavica (Author), Ograjšek Gorenjak, Ida (Author), Šilović-Karić, Danja (Author), Boban, Branka (Author), Leček, Suzana (Author), Knežević, Djudja (Author)
Format: Book
Language:Croatian
PhysicalDescription:262 strán 24 cm
Published: Zagreb Institut "Vlado Gotovac" Ženska infoteka 2004
ISBN:9536860250
Subjects:

MARC

LEADER 00000nam a2200000 4500
001 vtls011769503
003 SK-MaSNL
005 20260301183449.0
008 180727s2004 ci f 000 0 hrv
020 |a 9536860250  |q (brožované) 
040 |a SNK  |b slo  |c SNK  |e rda 
041 0 |a hrv 
044 |a ci  |c HR 
072 7 |2 konspekt 
080 |2 2011 
245 0 0 |a Žene u Hrvatskoj  |b ženska i kulturna povijest  |c priredila: Andrea Feldman 
264 1 |a Zagreb  |b Institut "Vlado Gotovac"  |b Ženska infoteka  |c 2004 
300 |a 262 strán  |c 24 cm 
336 |a text  |b txt  |2 rdacontent 
337 |a bez média  |b n  |2 rdamedia 
338 |a zväzok  |b nc  |2 rdacarrier 
500 |a Zoznam autorov na strane 261-262 
504 |a Bibliografické odkazy 
655 7 |a porovnávacie štúdie  |2 SNKPH  |9 70557 
655 7 |a Comparative studies  |2 SNKPHeng  |9 304951 
700 1 |a Feldman, Andrea  |4 com  |4 aut  |9 558734 
700 1 |a Nikolić Jakus, Zrinka  |4 aut  |9 558735 
700 1 |a Karbić, Marija  |4 aut  |9 558736 
700 1 |a Munk, Ana  |4 aut  |9 558737 
700 1 |a Janeković-Römer, Zdenka  |4 aut  |9 558738 
700 1 |a Bracewell, Catherine Wendy  |4 aut  |9 558739 
700 1 |a Stojan, Slavica  |4 aut  |9 558740 
700 1 |a Ograjšek Gorenjak, Ida  |4 aut  |9 558741 
700 1 |a Šilović-Karić, Danja  |4 aut  |9 558742 
700 1 |a Boban, Branka  |4 aut  |9 558743 
700 1 |a Leček, Suzana  |4 aut  |9 558744 
700 1 |a Feldman, Andrea  |4 aut  |9 558734 
700 1 |a Knežević, Djudja  |4 aut  |9 558745 
919 |a 953-6860-25-0 
999 |c 857086  |d 859016 
952 |a SNK  |b SNK  |y VYP  |7 0  |p 17A1336227  |o snkIC 144198  |i snk2018/18780  |8 2  |g 9.47  |0 0  |1 0  |4 0  |d 2018-07-27  |l 0  |r 2026-02-24 05:00:44  |w 2026-02-24